| 000 | 00958cam a2200133 4500500 | ||
|---|---|---|---|
| 005 | 20260405085441.0 | ||
| 041 | _afre | ||
| 042 | _adc | ||
| 100 | 1 | 0 |
_aRivière, Claude _eauthor |
| 245 | 0 | 0 | _aSocio-anthropologie des religions |
| 260 |
_bArmand Colin,
_c2008. |
||
| 520 | _aL’ouvrage présente, à travers une lecture critique des grands auteurs du domaine (de Frazer à Eliade), les différents champs de l’anthropologie religieuse (croyances, mythes, fêtes, rites, divination, possession…). Sur cette base, il donne les clés de compréhension du phénomène religieux en général, et de ses résurgences actuelles en particulier. Apports de la 2e édition : mise à jour approfondie ; nouveaux développements sur les sectes, le religieux à l’épreuve de la modernité, les nouvelles formes de croyance. | ||
| 856 | 4 | 1 | _uhttps://shs.cairn.info/socio-anthropologie-des-religions--9782200351953?lang=fr&redirect-ssocas=7080 |
| 999 |
_c2197669 _d2197669 |
||